U.S. States with the Same Number of Vowels and Consonants - Statistics

General Stats
  • This quiz has been taken 21 times
  • The average score is 10 of 11
Answer Stats
Total # of Letters State % Correct
4 Utah
100%
6 Nevada
93%
8 Virginia
93%
6 Alaska
87%
10 California
87%
8 Colorado
87%
8 Delaware
87%
8 Illinois
87%
8 Missouri
80%
6 Oregon
80%
8 Oklahoma
73%
No matching quizzes found
Score Distribution
Percent of People with Each Score
Percentile by Number Answered
Your Score History
You have not taken this quiz